000 00394nam a22001457a 4500
020 _a0861635264
082 _a600
_bAWA
_cN-01, P-42
100 _aMeadows, Susan
_940214
245 _aThe way things work /
260 _aItly:
_bAward Publication Limited,
_cc1989
300 _a191 p. :
_bill, ;
_c22 cm
526 _a0
_b0
_c0
_d600_000000000000000_AWA
650 _aNUST
_96342
942 _2ddc
_cBK
999 _c544561
_d544561